000 00580nam a2200157 4500
001 143592
003 ES-MaACL
005 20230906200843.0
007 t|
008 070214s1960 sp r ||||1| spa d
110 2 _aEspaña.
_bServicio Nacional del Trigo.
_93989
245 1 0 _aEstudio del consumo nacional de trigos y harinas y sus corrientes comerciales
_b: datos de las campañas trigueras 1954-55 a 1958-59 /
_cServicio Nacional del Trigo.
260 _aMadrid :
_b[s. n.],
_c1960 (
_fTip. Blass)
300 _a1 v., lám. ;
_c24 cm.
852 _aES-MaACL
_j2028-F-16
_bR.46463
999 _c143592
_d143592